Digitálny marketing ako nástroj na budovanie značky bakalárska práca

Na minha lista:
Detalhes bibliográficos
Autor principal: Verbichová, Sára
Autor Corporativo: Obchodná fakulta EU. Katedra marketingu
Outros Autores: Balaščáková, Simona, 1999-
Formato: Livro
Idioma:eslovaco
Publicado em: Bratislava 2025
Tags: Adicionar Tag
Sem tags, seja o primeiro a adicionar uma tag!

MARC

LEADER 00000nbm a2200000 4500
001 0311154
005 20260216130202.4
041 0 |a slo 
044 |a SK 
245 1 0 |a Digitálny marketing ako nástroj na budovanie značky  |b bakalárska práca  |c Sára Verbichová ; školiteľ: Simona Balaščáková 
264 1 |a Bratislava  |c 2025 
300 |a 45 s. 
100 1 |a Verbichová, Sára 
700 1 |a Balaščáková, Simona, 1999- 
710 2 |a Obchodná fakulta EU. Katedra marketingu